平成に消滅・改称した島根県の市町村 - Statistics

General Stats
  • This quiz has been taken 19 times
  • The average score is 39 of 53
Answer Stats
変更年月日 変更内容 回答 変更後の市町村 % Correct
2004.10/01 新設合併 西郷町 隠岐の島町
100%
2005.03/22 新設合併 平田市 出雲市
100%
2005.03/22 新設合併 大社町 出雲市
100%
2005.03/31 新設合併 美保関町 松江市
100%
2005.03/31 新設合併 仁多町 奥出雲町
100%
2005.03/31 新設合併 横田町 奥出雲町
100%
2005.10/01 新設合併 仁摩町 大田市
100%
2004.10/01 新設合併 五箇村 隠岐の島町
88%
2004.10/01 新設合併 都万村 隠岐の島町
88%
2004.11/01 新設合併 木次町 雲南市
88%
2004.11/01 新設合併 三刀屋町 雲南市
88%
2005.03/31 新設合併 島根町 松江市
88%
2005.09/25 新設合併 津和野町 津和野町
88%
2005.10/01 新設合併 温泉津町 大田市
88%
2011.08/01 編入合併 東出雲町 松江市
88%
2011.10/01 編入合併 斐川町 出雲市
88%
2004.10/01 新設合併 安来市 安来市
75%
2004.10/01 新設合併 伯太町 安来市
75%
2004.10/01 新設合併 邑智町 美郷町
75%
2004.10/01 新設合併 布施村 隠岐の島町
75%
2004.11/01 新設合併 大東町 雲南市
75%
2004.11/01 編入合併 美都町 益田市
75%
2004.11/01 編入合併 匹見町 益田市
75%
2005.01/01 新設合併 頓原町 飯南町
75%
2005.03/22 新設合併 出雲市 出雲市
75%
2005.03/31 新設合併 松江市 松江市
75%
2005.03/31 新設合併 鹿島町 松江市
75%
2005.09/25 新設合併 日原町 津和野町
75%
2005.10/01 新設合併 大田市 大田市
75%
2005.10/01 新設合併 浜田市 浜田市
75%
2005.10/01 新設合併 柿木村 吉賀町
75%
2005.10/01 新設合併 六日市町 吉賀町
75%
2004.10/01 新設合併 広瀬町 安来市
63%
2004.10/01 編入合併 桜江町 江津市
63%
2004.10/01 新設合併 羽須美村 邑南町
63%
2004.10/01 新設合併 石見町 邑南町
63%
2004.11/01 新設合併 加茂町 雲南市
63%
2005.01/01 新設合併 赤来町 飯南町
63%
2005.03/22 新設合併 佐田町 出雲市
63%
2005.03/22 新設合併 多伎町 出雲市
63%
2005.03/22 新設合併 湖陵町 出雲市
63%
2005.03/31 新設合併 八雲村 松江市
63%
2005.03/31 新設合併 玉湯町 松江市
63%
2005.03/31 新設合併 宍道町 松江市
63%
2005.03/31 新設合併 八束町 松江市
63%
2005.10/01 新設合併 金城町 浜田市
63%
2005.10/01 新設合併 弥栄村 浜田市
63%
2005.10/01 新設合併 三隅町 浜田市
63%
2004.11/01 新設合併 吉田村 雲南市
50%
2004.11/01 新設合併 掛合町 雲南市
50%
2005.10/01 新設合併 旭町 浜田市
50%
2004.10/01 新設合併 大和村 美郷町
38%
2004.10/01 新設合併 瑞穂町 邑南町
38%
No matching quizzes found
Score Distribution
Percent of People with Each Score
Percentile by Number Answered
Your Score History
You have not taken this quiz